« Retourner aux résultats de recherche
Dune
| Auteur principal: | Brian Herbert |
|---|---|
| D'autres auteurs: | Kevin J Anderson Raùl Allén Patricia Martin |
| D'autres auteurs: | Frank Herbert |
| Support: | Livres |
| Langue: | Francais |
| Publié: |
2023 Huginn & Muninn Paris |
| Series: |
Dune, roman graphique |
| Genre: |
Bandes déssinées ADULTE |
| Sujets: | |
| Étiquettes: |
Ajouter
Pas de Tags !
|
| LEADER | 00787nam0a2200241 450 | ||
|---|---|---|---|
| 001 | 16842362 | ||
| 010 | |a 978-2-36480-776-1 |b rel. |d 21,95 | ||
| 100 | |a 20230427d2023 u u0frey01 ba | ||
| 101 | 0 | |a fre | |
| 102 | |a FR | ||
| 200 | 0 | |a Dune |f Brian Herbert, Kevin J Anderson, Raùl Allén, Patricia Martin |g Frank Herbert | |
| 207 | 1 | |a | |
| 210 | |a Paris |c Huginn & Muninn |d 2023 | ||
| 215 | |a 167 p. | ||
| 461 | 0 | |t Dune, roman graphique |v 2 | |
| 700 | 0 | |a Herbert |b Brian |4 90 | |
| 701 | 0 | |a Anderson |b Kevin J |4 90 | |
| 701 | 0 | |a Allén |b Raùl |4 0 | |
| 701 | 0 | |a Martin |b Patricia |4 0 | |
| 702 | 0 | |a Herbert |b Frank |f 1920-1986 |4 18 | |
| 900 | |a Bandes déssinées ADULTE | ||
| 901 | |a Accessible au prêt | ||
| 995 | |a Bibliothèque |c Bibliothèque |f 024023540 |h 024023540 |k BDA HER |o p |q a |r az |e Bibliothèque | ||
